000 00310nam a22001337a 4500
008 170925b xxu||||| |||| 00| 0 eng d
020 _a0871172666
041 _aeng
080 _a37
100 _a46
101 _aEDU
245 _aTEACHING & LEARNING IN THE COMMUNITY COLLEGE
_cO'BANION,T
942 _2udc
_cBK
999 _c29588
_d29588